Water, agricultural development and rural poverty in Bangladesh /
Sparad:
| Huvudupphovsman: | |
|---|---|
| Materialtyp: | Text |
| Taggar: |
Lägg till en tagg
Inga taggar, Lägg till första taggen!
|
MARC
| LEADER | 00000 a a2200000 04500 | ||
|---|---|---|---|
| 001 | 43899 | ||
| 003 | |||
| 040 | |||
| 100 | |a Lein, Haakon | ||
| 245 | |a Water, agricultural development and rural poverty in Bangladesh / |c Haakon Lein | ||
| 773 | |g páginas 87-102 : tablas, gráficos | ||
| 999 | |c 20924 |d 20924 | ||
